[Event "Mugla 18 March Martyrs op"]
[Site "Mugla"]
[Date "2025.03.15"]
[Round "4"]
[White "Dere, Abdullah Dogukan"]
[Black "Demirag, Batuhan"]
[Result "1-0"]
[WhiteElo "1891"]
[BlackElo "1902"]
[PlyCount "54"]
[EventDate "2025.03.15"]
[EventType "swiss"]
[EventRounds "7"]
[EventCountry "TUR"]
[SourceTitle "CB12_2025"]
[SourceDate "2025.03.19"]
[SourceVersion "1"]
[SourceVersionDate "2025.03.19"]
[SourceQuality "1"]

1. d4 Nf6 2. Nf3 e6 3. Bf4 d5 4. e3 Bd6 5. Bg3 0-0 6. Bd3 c5 7. c3 Nc6 8. 0-0 b6 9. Nbd2 Qc7 10. Re1 e5 11. e4 cxd4 12. cxd4 Bg4 13. Rc1 Qb7 14. Rxc6 Qxc6 15. dxe5 dxe4 16. Nxe4 Bb4 17. Nxf6+ gxf6 18. Re4 Bf5 19. Rxb4 Bxd3 20. Qxd3 Qc1+ 21. Qf1 fxe5 22. Bxe5 f6 23. Bc3 Kf7 24. Rc4 Rac8 25. Rxc8 Rxc8 26. Nd2 f5 27. f4 Ke6 1-0

[Event "TUR-chT 2nd League"]
[Site "Denizli"]
[Date "2024.07.19"]
[Round "6.8"]
[White "Demirag, Batuhan"]
[Black "Guner, Bulent"]
[Result "1/2-1/2"]
[WhiteElo "1929"]
[BlackElo "1944"]
[PlyCount "81"]
[EventDate "2024.07.15"]
[EventType "team-swiss"]
[EventRounds "9"]
[EventCountry "TUR"]
[SourceTitle "EXT 2025"]
[Source "ChessBase"]
[SourceDate "2024.10.14"]
[SourceVersion "1"]
[SourceVersionDate "2024.10.14"]
[SourceQuality "1"]
[WhiteTeam "Ortaca Belediye"]
[BlackTeam "Duzce AS"]
[WhiteTeamCountry "TUR"]
[BlackTeamCountry "TUR"]

1. Nf3 Nf6 2. c4 c5 3. Nc3 Nc6 4. d4 cxd4 5. Nxd4 g6 6. e4 d6 7. Be2 Nxd4 8. Qxd4 Bg7 9. 0-0 0-0 10. Qd1 Be6 11. Be3 Rc8 12. b3 Nd7 13. Bd4 Qa5 14. Bxg7 Kxg7 15. Nd5 Bxd5 16. exd5 Nf6 17. Re1 a6 18. Bf1 Rfe8 19. a4 Qb4 20. a5 e5 21. dxe6 Rxe6 22. Rxe6 fxe6 23. h3 Rc7 24. Qd3 Rd7 25. Qe3 e5 26. g3 Qc5 27. Bg2 Qxe3 28. fxe3 Kf7 29. Ra4 Ke7 30. Rb4 e4 31. Kf2 Ke6 32. g4 g5 33. Kg3 Ke5 34. Ra4 Rc7 35. Ra1 h6 36. Rf1 Rc5 37. h4 gxh4+ 38. Kxh4 Ke6 39. Rf4 Rxa5 40. Bxe4 Nxe4 41. Rxe4+ 1/2-1/2

[Event "TUR-chT 2nd League"]
[Site "Denizli"]
[Date "2024.07.19"]
[Round "7.10"]
[White "Demirag, Batuhan"]
[Black "Usun, Tolga"]
[Result "0-1"]
[WhiteElo "1929"]
[BlackElo "1982"]
[PlyCount "44"]
[EventDate "2024.07.15"]
[EventType "team-swiss"]
[EventRounds "9"]
[EventCountry "TUR"]
[SourceTitle "EXT 2025"]
[Source "ChessBase"]
[SourceDate "2024.10.14"]
[SourceVersion "1"]
[SourceVersionDate "2024.10.14"]
[SourceQuality "1"]
[WhiteTeam "Ortaca Belediye"]
[BlackTeam "Afyonkarahisar Basari"]
[WhiteTeamCountry "TUR"]
[BlackTeamCountry "TUR"]

1. Nf3 Nf6 2. c4 g6 3. g3 Bg7 4. Bg2 0-0 5. 0-0 c6 6. d4 d6 7. Nc3 Qa5 8. h3 Qa6 9. b3 b5 10. cxb5 cxb5 11. Be3 b4 12. Na4 Bb7 13. Rc1 Nbd7 14. Qd2 Nd5 15. Rc4 N7b6 16. Nxb6 axb6 17. Rc2 Rfc8 18. Rxc8+ Rxc8 19. Bh6 Nc3 20. Bxg7 Kxg7 21. d5 Bxd5 22. Qd4+ f6 0-1

[Event "TUR-chT 2nd League"]
[Site "Denizli"]
[Date "2023.07.12"]
[Round "6.152"]
[White "Cil, Hasan"]
[Black "Demirag, Batuhan"]
[Result "1/2-1/2"]
[WhiteElo "1755"]
[BlackElo "1895"]
[PlyCount "62"]
[EventDate "2023.07.09"]
[EventType "team-swiss"]
[EventRounds "9"]
[EventCountry "TUR"]
[SourceTitle "CBM 215 Extra"]
[Source "ChessBase"]
[SourceDate "2023.09.30"]
[SourceVersion "1"]
[SourceVersionDate "2023.09.30"]
[SourceQuality "1"]
[WhiteTeam "Altin Hamle Corum"]
[BlackTeam "Ortaca Belediye"]
[WhiteTeamCountry "TUR"]
[BlackTeamCountry "TUR"]

1. e4 c5 2. Nf3 Nc6 3. c4 d6 4. d4 cxd4 5. Nxd4 Nf6 6. Nc3 g6 7. Be2 Bg7 8. Be3 0-0 9. 0-0 Bd7 10. f3 a6 11. Qd2 Rc8 12. Rac1 Nxd4 13. Bxd4 Bc6 14. b4 Bd7 15. Nd5 Nxd5 16. cxd5 Ba4 17. Bxg7 Kxg7 18. Rxc8 Qxc8 19. Rc1 Qd7 20. Qc3+ Kg8 21. Qc7 Rd8 22. Qxd7 Rxd7 23. Rc8+ Kg7 24. Kf2 e6 25. Bc4 Kf6 26. a3 e5 27. Ke3 Ke7 28. Kd3 Rd8 29. Rc7+ Rd7 30. Rc8 Rd8 31. Rc7+ Rd7 1/2-1/2

[Event "TUR Cup"]
[Site "Adapazari"]
[Date "2022.03.29"]
[Round "7"]
[White "Demirag, Batuhan"]
[Black "Unsal, Gorkem"]
[Result "1/2-1/2"]
[WhiteElo "1903"]
[BlackElo "1728"]
[PlyCount "68"]
[EventDate "2022.03.25"]
[EventType "swiss"]
[EventRounds "11"]
[EventCountry "TUR"]
[SourceTitle "EXT 2023"]
[Source "ChessBase"]
[SourceDate "2022.10.05"]
[SourceVersion "1"]
[SourceVersionDate "2022.10.05"]
[SourceQuality "1"]

1. e4 c5 2. Nf3 Nc6 3. Bb5 e5 4. Bxc6 dxc6 5. d3 Bd6 6. h3 Ne7 7. Be3 0-0 8. g4 Ng6 9. Nc3 Be6 10. Qd2 b5 11. Ne2 c4 12. d4 f6 13. c3 Bf7 14. h4 Re8 15. 0-0-0 Nf4 16. Bxf4 exf4 17. e5 Bd5 18. Rh3 fxe5 19. Nxe5 Bxe5 20. dxe5 Rxe5 21. Nxf4 Qa5 22. a3 Rae8 23. g5 Be4 24. h5 Bf5 25. Rg3 Qa4 26. Re3 Rxe3 27. fxe3 Qb3 28. e4 Bxe4 29. Re1 g6 30. hxg6 hxg6 31. Rxe4 Rxe4 32. Qd8+ Kh7 33. Qd7+ Kg8 34. Qd8+ Kh7 1/2-1/2

[Event "TUR Cup"]
[Site "Adapazari"]
[Date "2022.03.28"]
[Round "6"]
[White "Gani, Refik Efe"]
[Black "Demirag, Batuhan"]
[Result "0-1"]
[WhiteElo "1370"]
[BlackElo "1903"]
[PlyCount "43"]
[EventDate "2022.03.25"]
[EventType "swiss"]
[EventRounds "11"]
[EventCountry "TUR"]
[SourceTitle "EXT 2023"]
[Source "ChessBase"]
[SourceDate "2022.10.05"]
[SourceVersion "1"]
[SourceVersionDate "2022.10.05"]
[SourceQuality "1"]

1. d4 d6 2. e4 Nf6 3. Nc3 Nbd7 4. Nf3 e5 5. Rg1 exd4 6. Nxd4 g6 7. g4 Nc5 8. Qf3 Bg7 9. Be3 0-0 10. Nb3 Nxb3 11. axb3 a6 12. 0-0-0 Be6 13. e5 Nxg4 14. exd6 Nxe3 15. dxc7 Qxc7 16. Qxe3 Rac8 17. Bh3 Bxh3 18. Qxh3 b5 19. Qd3 Rfd8 20. Qe4 Re8 21. Qd3 Qa5 22. f4 0-1

[Event "TUR-chT 2nd League"]
[Site "Konya"]
[Date "2019.07.23"]
[Round "3.3"]
[White "Demirag, Batuhan"]
[Black "Aydin, Akin"]
[Result "1-0"]
[WhiteElo "1939"]
[BlackElo "1726"]
[PlyCount "67"]
[EventDate "2019.07.22"]
[EventType "team-swiss"]
[EventRounds "9"]
[EventCountry "TUR"]
[SourceTitle "CBM 191 Extra"]
[Source "ChessBase"]
[SourceDate "2019.09.30"]
[SourceVersion "1"]
[SourceVersionDate "2019.09.30"]
[SourceQuality "1"]
[WhiteTeam "Mugla Ortaca Belediye"]
[BlackTeam "Cesme Belediye"]
[WhiteTeamCountry "TUR"]
[BlackTeamCountry "TUR"]

1. Nf3 d5 2. c4 e6 3. b3 Nf6 4. Bb2 c5 5. g3 d4 6. Bg2 Nc6 7. 0-0 Bd6 8. e3 e5 9. exd4 cxd4 10. d3 0-0 11. a3 a5 12. Nbd2 Nd7 13. Re1 f5 14. h4 h6 15. h5 Nc5 16. Qe2 Qf6 17. Nh4 Be6 18. Bxc6 bxc6 19. b4 Na4 20. Bxd4 axb4 21. Bxe5 Bxe5 22. Qxe5 Qxe5 23. Rxe5 Bf7 24. axb4 Nb2 25. Rxa8 Rxa8 26. Ra5 Rd8 27. Nxf5 Rxd3 28. Ra8+ Kh7 29. Ra7 Kg8 30. Ne4 Nxc4 31. Nf6+ gxf6 32. Nxh6+ Kg7 33. Nxf7 Ra3 34. Rc7 1-0

[Event "TUR Cup"]
[Site "Antalya"]
[Date "2019.01.28"]
[Round "2"]
[White "Araboga, Mesut"]
[Black "Demirag, Batuhan"]
[Result "0-1"]
[WhiteElo "1697"]
[BlackElo "1906"]
[PlyCount "52"]
[EventDate "2019.01.27"]
[EventType "swiss"]
[EventRounds "11"]
[EventCountry "TUR"]
[SourceTitle "CBM 188 Extra"]
[Source "ChessBase"]
[SourceDate "2019.02.28"]
[SourceVersion "1"]
[SourceVersionDate "2019.02.28"]
[SourceQuality "1"]

1. d4 Nf6 2. c4 e6 3. Nf3 b6 4. a3 Bb7 5. Bf4 d5 6. e3 Bd6 7. Bg3 0-0 8. Nc3 Ne4 9. Bd3 Nd7 10. Nb5 Bxg3 11. hxg3 c5 12. Nd2 f5 13. f3 Nxd2 14. Qxd2 Nf6 15. Rh3 a6 16. Nc3 Rc8 17. b3 Qd6 18. cxd5 cxd4 19. exd4 Nxd5 20. Ne2 e5 21. Kf2 e4 22. Bxe4 fxe4 23. Qg5 exf3 24. gxf3 Nc3 25. Rah1 Rxf3+ 26. Ke1 Re8 0-1

[Event "TUR-chT 2nd League"]
[Site "Konya"]
[Date "2017.07.23"]
[Round "9.4"]
[White "Demirag, Batuhan"]
[Black "Akca, Gani Eren"]
[Result "1-0"]
[WhiteElo "1914"]
[BlackElo "2158"]
[PlyCount "73"]
[EventDate "2017.07.17"]
[EventType "team-swiss"]
[EventRounds "9"]
[EventCountry "TUR"]
[SourceTitle "EXT 2018"]
[Source "ChessBase"]
[SourceDate "2017.10.13"]
[SourceVersion "1"]
[SourceVersionDate "2017.10.13"]
[SourceQuality "1"]
[WhiteTeam "Mugla Ortaca Belediye"]
[BlackTeam "Istanbul Moda"]
[WhiteTeamCountry "TUR"]
[BlackTeamCountry "TUR"]

1. Nf3 g6 2. d4 Nf6 3. Bf4 Bg7 4. e3 0-0 5. h3 d6 6. Be2 Nbd7 7. 0-0 b6 8. c4 Bb7 9. Nc3 Ne4 10. Rc1 Nxc3 11. Rxc3 c5 12. Rc1 h6 13. b3 e5 14. Bh2 f5 15. Qd2 cxd4 16. exd4 e4 17. Ne1 Qf6 18. Qf4 Rfd8 19. Qxd6 Qxd6 20. Bxd6 Bxd4 21. Rd1 Be5 22. Be7 Re8 23. Rxd7 Bc6 24. Rd6 Bxd6 25. Bxd6 e3 26. b4 a5 27. b5 Bb7 28. Bc7 exf2+ 29. Kxf2 a4 30. Bxb6 a3 31. Bf3 Bxf3 32. Nxf3 Ra4 33. Rc1 Rc8 34. Ne5 Rb4 35. Bd4 Rcxc4 36. Rxc4 Rxc4 37. Nxc4 1-0

[Event "TUR-chT 2nd League"]
[Site "Konya"]
[Date "2017.07.20"]
[Round "5.3"]
[White "Dogdu, Mehmet"]
[Black "Demirag, Batuhan"]
[Result "1/2-1/2"]
[WhiteElo "1985"]
[BlackElo "1914"]
[PlyCount "87"]
[EventDate "2017.07.17"]
[EventType "team-swiss"]
[EventRounds "9"]
[EventCountry "TUR"]
[SourceTitle "CBM 179 Extra"]
[Source "ChessBase"]
[SourceDate "2017.08.23"]
[SourceVersion "1"]
[SourceVersionDate "2017.08.23"]
[SourceQuality "1"]
[WhiteTeam "Konya Erkin"]
[BlackTeam "Mugla Ortaca Belediye"]
[WhiteTeamCountry "TUR"]
[BlackTeamCountry "TUR"]

1. e4 c5 2. Nf3 e6 3. d4 cxd4 4. Nxd4 a6 5. Bd3 Nc6 6. Be3 Nf6 7. Nd2 d5 8. 0-0 Nxd4 9. Bxd4 dxe4 10. Nxe4 Be7 11. Nxf6+ Bxf6 12. Bxf6 Qxf6 13. Qh5 h6 14. Qc5 Qe7 15. Qb6 0-0 16. Be4 f5 17. Bf3 e5 18. Rad1 e4 19. Be2 f4 20. f3 e3 21. Rd4 Qg5 22. Kh1 Kh8 23. g3 fxg3 24. Rg1 Qe5 25. Re4 Qd5 26. Rxg3 Bd7 27. Qg6 Rf7 28. c4 Qf5 29. Qxf5 Bxf5 30. Rxe3 Rd8 31. b4 Rd2 32. a3 Rfd7 33. c5 Rc2 34. Rg1 Rdd2 35. Re1 Bd7 36. Rd3 Bc6 37. Rxd2 Rxd2 38. Kg1 Ra2 39. Bd3 Rxa3 40. Be4 Bxe4 41. Rxe4 a5 42. bxa5 Rxa5 43. Rb4 Rxc5 44. Rxb7 1/2-1/2

[Event "TUR Cup"]
[Site "Antalya"]
[Date "2017.02.04"]
[Round "11"]
[White "Ererdem, Gani Eren"]
[Black "Demirag, Batuhan"]
[Result "1-0"]
[WhiteElo "2151"]
[BlackElo "1905"]
[PlyCount "71"]
[EventDate "2017.01.28"]
[EventType "swiss"]
[EventRounds "11"]
[EventCountry "TUR"]
[SourceTitle "CBM 176 Extra"]
[Source "ChessBase"]
[SourceDate "2017.03.02"]
[SourceVersion "1"]
[SourceVersionDate "2017.03.02"]
[SourceQuality "1"]

1. e4 c5 2. Nf3 e6 3. d4 cxd4 4. Nxd4 a6 5. Nc3 Qc7 6. g3 Bb4 7. Bd2 Nf6 8. Bg2 Nc6 9. Nb3 Be7 10. 0-0 d6 11. f4 0-0 12. g4 Nd7 13. g5 Re8 14. Be3 Bf8 15. Qh5 g6 16. Qh4 Bg7 17. Rf3 Nf8 18. a4 Ne7 19. Qf2 d5 20. Bb6 Qb8 21. Bd4 Bxd4 22. Nxd4 b6 23. exd5 exd5 24. f5 Bxf5 25. Nxf5 Nxf5 26. Nxd5 Qe5 27. Nf6+ Kg7 28. Nxe8+ Rxe8 29. c3 Nd7 30. Bh3 Nc5 31. Bxf5 gxf5 32. Rxf5 Qe7 33. Rf1 Rf8 34. a5 Ne4 35. Qd4+ Kg8 36. Re5 1-0

[Event "TUR Cup"]
[Site "Antalya"]
[Date "2017.02.02"]
[Round "8"]
[White "Demirag, Batuhan"]
[Black "Bori, Ekin Sukru"]
[Result "1-0"]
[WhiteElo "1905"]
[BlackElo "1596"]
[PlyCount "50"]
[EventDate "2017.01.28"]
[EventType "swiss"]
[EventRounds "11"]
[EventCountry "TUR"]
[SourceTitle "CBM 176 Extra"]
[Source "ChessBase"]
[SourceDate "2017.03.02"]
[SourceVersion "1"]
[SourceVersionDate "2017.03.02"]
[SourceQuality "1"]

1. Nf3 c5 2. c4 Nc6 3. b3 e5 4. Nc3 g6 5. Nd5 Bg7 6. Bb2 Nge7 7. Qc2 d6 8. Nxe7 Qxe7 9. e3 0-0 10. Qc3 f5 11. 0-0-0 Bf6 12. d4 exd4 13. exd4 cxd4 14. Qd2 d5 15. cxd5 Nb4 16. Bc4 Qc5 17. Bxd4 Bxd4 18. Qxd4 Qxd4 19. Rxd4 Bd7 20. a3 Na6 21. Bxa6 bxa6 22. Ne5 Rfd8 23. Kb2 Kg7 24. Rc1 Kf6 25. f4 Be8 1-0